000 01007nam a2200277 i 4500
001 106469
003 ES-MaACL
005 20250812062526.0
007 t|
008 221106s1961 sp ||||1| spa d
080 _a330.342.14
080 _a338.2
100 1 _aBayón Chacón, Gaspar.
_926713
245 1 3 _aLa crisis de la sociedad capitalista y el intervencionismo estatal /
_cGaspar Bayón Chacón.
260 _aMadrid :
_bAteneo,
_c1961.
300 _a36 p. ;
_c19 cm.
490 1 _aColección "O crece o muere" ;
_v161
500 _aEste trabajo fue dado a conocer por su autor en la conferencia pronunciada en el Ateneo de Madrid el día 9 de marzo de 1959 -- Verso portada.
610 2 _aAteneo de Madrid-
_vConferencias-
_y1940-1982.
_91908
650 1 4 _aCapitalismo.
_910760
650 1 4 _aPolítica económica.
_916293
710 2 _aAteneo de Madrid.
_91875
830 0 0 _aColección "O crece o muere"
_v161
_9183476
852 _aES-MaACL
_j2208-F-7
_bR.138049
999 _c106469
_d106469